Statistics for Countries States Capitals Elements Words Rare 2-Letter Block

Click here to take the quiz!

General Stats

  • This quiz has been taken 101 times
  • The average score is 24 of 58

Answer Stats

ANSWER % Correct
Syria
97%
Rwanda
93%
Uzbekistan
90%
Luxembourg
86%
Accra
79%
My
76%
Funafuti
72%
Myanmar
69%
Tuvalu
62%
Albania
62%
Suva
59%
Yttrium
59%
Pyongyang
55%
Belize
55%
Ytterbium
55%
Kuwait
52%
Kuwait City
52%
Morocco
52%
Atlanta
48%
Vaduz
45%
Oklahoma
41%
Naypyidaw
41%
Bishkek
41%
Phnom Penh
41%
Kyrgyzstan
38%
Tashkent
38%
Nuku Ľalofa
34%
Roentgenium
31%
Amsterdam
31%
Norway
31%
Oklahoma City
31%
Bridgetown
28%
Dysprosium
28%
Finland
28%
Madrid
28%
Arizona
24%
Albany
24%
Denmark
24%
Only
24%
Malaysia
21%
Podgorica
21%
Kathmandu
21%
Montgomery
17%
Darmstadtium
17%
Vietnam
17%
Vilnius
14%
Richmond
14%
Burkina Faso
14%
Little Rock
14%
Lincoln
14%
Hydrogen
14%
Meitnerium
10%
Pennsylvania
7%
Sulfur
7%
Copenhagen
7%

Score Distribution

Percentile by Number Answered

Percent of People with Each Score

Your Score History

You have not taken this quiz